| 000 | 00454nam a22001697a 4500 | ||
|---|---|---|---|
| 003 | OSt | ||
| 005 | 20140310182218.0 | ||
| 008 | 130909t xxu||||| |||| 00| 0 eng d | ||
| 020 | _a9781859672433 | ||
| 050 |
_aTX 763 _b.L917 1996 |
||
| 082 |
_aHS 641.8 _bH19 1996 |
||
| 245 |
_aStep by step low fat baking : _cCarole Handslip |
||
| 260 |
_aLondon : _b Lorenz Books, _cc1996. |
||
| 300 |
_a95 p. : _bill. ; _c25 cm. |
||
| 942 |
_2lcc _cHS |
||
| 999 |
_c10656 _d10656 |
||